Harry Potter Trivia #2 (Teachers and Subjects) - Statistics

General Stats
  • This quiz has been taken 36 times
  • The average score is 22 of 25
Answer Stats
Question Answer % Correct
Who teaches Defence Against the Dark Arts in "Chamber of Secrets"? Professor Lockhart
100%
Who teaches Herbology? Professor Sprout
100%
Who is Hogwarts' caretaker? Argus Filch
96%
Who is the Hogwarts Headmaster up until the end of "Half-Blood Prince"? Professor Dumbledore
96%
Who teaches Charms? Professor Flitwick
96%
Who teaches Defence Against the Dark Arts in "Prisoner of Azkaban"? Professor Lupin
96%
Who teaches Transfiguration and has been Deputy Headmistress and Headmistress of Hogwarts? Professor McGonagall
96%
Who teaches Defence Against the Dark Arts in "Goblet of Fire"? Professor Moody
96%
Who teaches Defence Against the Dark Arts in "Half-Blood Prince", is Headmaster in "The Deathly Hallows" and teaches Potions up until "Order of the Phoenix"? Professor Snape
96%
Who is the Matron at Hogwarts? Madam Pomfrey
93%
Who teaches History of Magic? Professor Binns
93%
Who is the Groundkeeper at Hogwarts and teaches Care of Magical Creatures for some of "Prisoner of Azkaban"? Professor Hagrid
93%
Who teaches Potions in "Half-Blood Prince" and "The Deathly Hallows"? Professor Slughorn
93%
Who teaches Defence Against the Dark Arts and is headmistress in "Order of the Phoenix"? Professor Umbridge
93%
Who teaches Flying? Madam Hooch
89%
Who teaches Defence Against the Dark Arts and Muggle Studies in "The Philosophers Stone"? Professor Quirrell
89%
Who teaches Divination? Professor Trelawney
89%
Who teaches Divination for some of "Order of the Phoenix"? Firenze
85%
Who teaches Defence Against the Dark Arts in "The Deathly Hallows"? The Carrow Twins
81%
Who teaches Muggle Studies? Professor Burbage
74%
Who teaches Care of Magical Creatures for some of "Goblet of Fire" and "Order of the Phoenix"? Professor Grubbly-Plank
74%
Who teaches Arithmancy? Professor Vector
74%
Who is the Hogwarts Librarian? Madam Pince
70%
Who teaches Astronomy? Professor Sinistra
63%
Who teaches Care of Magical Creatures up until "Prisoner of Azkaban"? Professor Kettleburn
52%
No matching quizzes found
Score Distribution
Percent of People with Each Score
Percentile by Number Answered
Your Score History
You have not taken this quiz